Great Literature #39 - Statistics

General Stats
  • This quiz has been taken 69 times
  • The average score is 8 of 20
Answer Stats
Hint Explanation Answer % Correct
Norman Mailer 1948 The Naked and the Dead
80%
Graham Greene 1955 The Quiet American
69%
Johann Wolfgang von Goethe 1774 (Die Leiden des jungen Werthers) The Sorrows of Young Werther
67%
Joseph Conrad 1907 The Secret Agent
64%
Raymond Chandler 1940 Farewell, My Lovely
62%
Aristophanes 423 BCE The Clouds
49%
Samuel Beckett 1938 Murphy
40%
David Guterson 1994 Snow Falling on Cedars
40%
Toni Morrison 1973 Sula
40%
Ivo Andrić 1945 (Na Drini ćuprija) The Bridge on the Drina
40%
Henry James 1902 Wings of the Dove
40%
Samuel Butler 1903 The Way of All Flesh
38%
Benjamin Constant 1816 Adolphe
29%
Neal Stephenson 1992 Snow Crash
27%
George Gissing 1891 New Grub Street
22%
Akhil Sharma 2014 Family Life
13%
Federico García Lorca 1929-1930 (Poeta en Nueva York) Poet in New York
13%
Harry Mulisch 1992 (De ontdekking van de hemel) The Discovery of Heaven
11%
Antonio Machado 1917 (Proverbios y Cantares) Proverbs and Songs
9%
Luis Cernuda 1962 (“Otra vez, con sentimiento”) Once More, with Feeling
4%
No matching quizzes found
Score Distribution
Percent of People with Each Score
Percentile by Number Answered
Your Score History
You have not taken this quiz